000 00335nam a22001457a 4500
008 230508b ||||| |||| 00| 0 eng d
020 _a9780130941497
041 _aeng
080 _24TB EDITION
_a610.73
082 _a610.73CLA
100 _a8
101 _aINF
245 _aCOMMUNITY HEALTH NURSING
_cCLARK.J.M
942 _2udc
_cBK
999 _c59658
_d59658